Les mots de la langue française se terminant par tie" - Statistiques

Statistiques générales
  • Ce quiz a été pris 159 fois
  • Le résultat moyen est 10 sur 32
Statistiques - réponses
Indice Réponse % Correct
portion d'un tout partie
79%
issue sortie
73%
noblesse aristocratie
52%
urticacée ortie
51%
pirouette acrobatie
50%
globule hematie
45%
spécialité dentaire orthodontie
43%
annexe d'église sacristie
43%
réponse prompte repartie
42%
tact diplomatie
41%
cheveu calvitie
40%
peuple democratie
40%
absurdité ineptie
39%
trouble de la vision presbytie
38%
bêtise idiotie
37%
administration bureaucratie
35%
pardon amnistie
32%
domination suprematie
28%
assurance garantie
26%
incident peripetie
26%
lignée dynastie
25%
soin minutie
22%
élève apprentie
18%
plaisanterie facetie
18%
résistance inertie
17%
sacrement eucharistie
16%
pain hostie
16%
annonce prophetie
9%
satire dramatique sotie
8%
enarchie technocratie
7%
retenue modestie
6%
pègre voyoucratie
4%
Aucun quiz correspondant
Distribution des résultats
% des personnes avec chaque résultat
Percentile par nombre de réponses
Votre historique - résultats
Vous n’avez pas pris ce quiz